000 00198 a2200109 4500
020 _a9781429622837
041 _aspa
100 _aLindeen, Carol
245 _aDelfines
942 _cBK
952 _74
999 _c20315
_d20315